fishing by using mosquito net in peamro district, prey veng province (ការនេសាទដោយឧបករណ៍ស្បៃមុង ក្នុងស្រុកពាមរក៍ ខេត្តព្រៃវែង) (Record no. 4140)

000 -LEADER
fixed length control field 00593nam a22001577a 4500
003 - CONTROL NUMBER IDENTIFIER
control field OSt
005 - DATE AND TIME OF LATEST TRANSACTION
control field 20151207101613.0
008 - FIXED-LENGTH DATA ELEMENTS--GENERAL INFORMATION
fixed length control field 151207b xxu||||| |||| 00| 0 eng d
040 ## - CATALOGING SOURCE
Transcribing agency RUA
082 ## - DEWEY DECIMAL CLASSIFICATION NUMBER
Classification number ATM MOE 2006 B193 Or.1
100 ## - MAIN ENTRY--PERSONAL NAME
9 (RLIN) 4439
Personal name MOEUN, NARIN.
245 ## - TITLE STATEMENT
Title fishing by using mosquito net in peamro district, prey veng province (ការនេសាទដោយឧបករណ៍ស្បៃមុង ក្នុងស្រុកពាមរក៍ ខេត្តព្រៃវែង)
260 ## - PUBLICATION, DISTRIBUTION, ETC. (IMPRINT)
Place of publication, distribution, etc. Phnom Penh
Name of publisher, distributor, etc. RUA
Date of publication, distribution, etc. 2006
300 ## - PHYSICAL DESCRIPTION
Extent xi, 34p.
Other physical details ill.
Dimensions 29cm.
942 ## - ADDED ENTRY ELEMENTS (KOHA)
Source of classification or shelving scheme
Koha item type ATM
Holdings
Price effective from Date last seen Permanent Location Not for loan Date acquired Source of classification or shelving scheme Koha item type Barcode Lost status Damaged status Shelving location Withdrawn status Current Location Full call number
2015-12-072015-12-07Library Block B 2015-12-07 ATMRUA038441  B193 Library Block BATM MOE 2006 B193 Or.1
2015-12-072015-12-07Library Block B 2015-12-07 ATMRUA039209  B193 Library Block BATM MOE 2006 B193 Or.2
2015-12-072015-12-07Library Block B 2015-12-07 ATMRUA038193  B193 Library Block BATM MOE 2006 B193 Or.3
2015-12-072015-12-07Library Block B 2015-12-07 ATMRUA038501  B193 Library Block BATM MOE 2006 B193 Or.4
2015-12-072015-12-07Library Block B 2015-12-07 ATMRUA039018  B193 Library Block BATM MOE 2006 B193 Or.5
2015-12-072015-12-07Library Block B 2015-12-07 ATMRUA038502  B193 Library Block BATM MOE 2006 B193 Or.6
មជ្ឈមណ្ឌលឯការនៃសាកលវិទ្យាល័យភូមិន្ទកសិកម្មចំការដូង

Powered by Koha